000 00675nam a2200277Ia 4500
005 20260324115145.0
008 008 260324s9999 xx 000 0 eng d
020 _a9780429264962
037 _aEBOOK
040 _aCRL
040 _beng
040 _cCRL
041 _2eng
041 _aeng
084 _qCRL
100 _aVanessa Ratten; Marcela Ramirez-Pasillas; Hans Lundberg
_91153579
245 0 _aManaging Sustainable Innovation
260 _bTaylor and Francis
260 _c2019
365 _a
365 _b230
856 _uhttp://www.taylorfrancis.com/books/9780429264962
942 _cEBOOK
999 _c1744255
_d1744255